[Event "Rio de Janeiro Estadual op"]
[Site "Rio de Janeiro"]
[Date "2024.05.30"]
[Round "2"]
[White "Silva, Guilherme de Moura"]
[Black "Guimaraes, Wagner Peixoto"]
[Result "0-1"]
[WhiteElo "1816"]
[BlackElo "2140"]
[PlyCount "76"]
[EventDate "2024.05.30"]
[EventType "swiss"]
[EventRounds "6"]
[EventCountry "BRA"]
[SourceTitle "CB24_2024"]
[SourceDate "2024.06.12"]
[SourceVersion "1"]
[SourceVersionDate "2024.06.12"]
[SourceQuality "1"]

1. e4 e5 2. Nf3 Nc6 3. Bc4 Nf6 4. d3 Bc5 5. Bg5 h6 6. Be3 Bxe3 7. fxe3 d5 8. exd5 Nxd5 9. Qe2 Be6 10. Bxd5 Bxd5 11. e4 Be6 12. Nbd2 Qe7 13. c3 Rd8 14. Nb3 a5 15. 0-0 a4 16. d4 Bxb3 17. axb3 exd4 18. Nxd4 Nxd4 19. cxd4 Rxd4 20. Rxa4 Rxa4 21. bxa4 Qb4 22. Qg4 0-0 23. Qd7 Qxe4 24. Qxc7 Qd4+ 25. Kh1 Qxb2 26. a5 Qb5 27. Kg1 Qd5 28. Rb1 Re8 29. h3 Re2 30. Qxb7 Rxg2+ 31. Kh1 Qxb7 32. Rxb7 Ra2 33. Ra7 f6 34. a6 Kh7 35. Kg1 Kg6 36. Kh1 h5 37. Ra8 Kg5 38. a7 Kh4 0-1